| 000 | 00738nam a2200181Ia 4500 | ||
|---|---|---|---|
| 008 | 100122s9999 xx 000 0 und d | ||
| 082 |
_b15894 _a923.254 |
||
| 100 | _aलिमये अनंत हरी | ||
| 245 | _aराष्ट्रपती गिरी- अलौकिक गरुडझेप | ||
| 250 | _a0 | ||
| 260 |
_bव्हीनस प्रकाशन _c1969 |
||
| 300 | _a128 | ||
| 520 | _aमाळयावर- गठ्ठा-1 | ||
| 620 | _aमाळयावर- गठ्ठा-1 | ||
| 630 | _aराष्ट्रपती गिरी- अलौकिक गरुडझेप | ||
| 730 | _aराष्ट्रपती गिरी- अलौकिक गरुडझेप | ||
| 942 | _cBOOK | ||
| 999 |
_c406026 _d406023 |
||